Porsche cars by picture - Statistics

General Stats
  • This quiz has been taken 326 times
  • The average score is 5 of 9
Answer Stats
Picture Answer % Correct
911
97%
Cayenne
88%
918 Spider
83%
Macan
82%
GT3RS
53%
Boxster
46%
917K
37%
Cayman GT4RS
35%
964
18%
No matching quizzes found
Score Distribution
Percent of People with Each Score
Percentile by Number Answered
Your Score History
You have not taken this quiz